Responses for Show #6658 - Wednesday, July 24, 2013

Contestants

[<< previous game]

Timothy Youker, a theater scholar from Chanhassen, Minnesota

Katie Annis, a stay-at-home mom from Ashburn, Virginia

David Brown, a fundraising intern from Palo Alto, California (whose 1-day cash winnings total $22,200)

[next game >>]

Jeopardy! Round responses

BORN ON THE 24th OF JULY
NAIL POLISH COLORS
COASTAL U.S. STATES
SPORTS ON FILM
11-LETTER WORDS
(Alex: And finally, Ken Burns would be very happy that Jeopardy! has...)
RECENTLY UNEARTHED CIVIL WAR LETTERS?
    $200 21
Barry Bonds

David
    $200 30
Betty & Veronica

David
    $200 1
Mississippi

Timothy
    $200 6
baseball

Timothy
    $200 13
the Inquisition

Timothy
    $200 7
Gettysburg

Katie
    $400 22
Simón Bolívar

Timothy
    $400 29
The Hague

Timothy
    $400 2
Washington

David
    $400 8
(Timothy: What is soccer?)

rugby

KatieTimothy
    $400 14
a deerstalker

Timothy
    $400 12
a hoop skirt

David
    $600 23
Amelia Earhart

David
    $600 28
Worth It

David
    $600 3
New Jersey

David
    $600 9
(Alex: Ayrton Senna is
a famous [*].)

auto racer

Triple Stumper
    $1,000 15
justifiable

Timothy
    $600 18
California

Katie
    $800 24
Alexandre Dumas

Timothy
    $800 27
a mimosa

Timothy
    $800 4
(Timothy: What is Rhode Island?)

New Hampshire

DavidTimothy
    $800 10
(Timothy: What is wrestling?)

hockey

Timothy
Triple Stumper
    $800 16
(Timothy: What is Francophobia?)
(David: What is Franzophobia?)

Gallophobia

DavidTimothy
Triple Stumper
    $800 19
shoo-fly

Timothy
    $1000 25
(Alex: Less than a
minute to go now, Timothy.)

Charlie Crist

Triple Stumper
    $1000 26
masquerade

Timothy
    $1000 5
(David: What is Delaware?)

North Carolina

DavidKatie
    $1000 11
basketball

Triple Stumper
    $1000 17
containment

Timothy
    $1000 20
[Alex reads "S.C." as "South Carolina".]

Langerhans

Timothy

Scores at the first commercial break (after clue 15):

David Katie Timothy
$1,200 $1,600 $0

Scores at the end of the Jeopardy! Round:

David Katie Timothy
$2,000 $2,200 $5,400

Double Jeopardy! Round responses

FILL IN THE NONFICTION BLANK
COINS OF OUR REALM
(Alex: Each response will be two words, and you add a letter to one of the words to...)
MAKE IT A DOUBLE-LETTER WORD
"AMERICAN" ENTERTAINMENT
INSECTS
I READ IT IN THE NEW YORK TIMES
    $400 30
[Alex reads "___" as "blanks".]

Parts

Timothy
    $400 10
"In God We Trust"

David
    $400 16
coma & comma

David
    $400 1
American Idol

David
    $400 5
(David: What's a honeybee?)
(Katie: What's a killer bee?)

bumblebee

DavidKatie
Triple Stumper
    $400 21
The N.R.A.

David
    $800 29
[Alex reads "___ " as "blanks".]

Faces

Timothy
    $800 12
(Timothy: What is gelt?)
(Katie: What are dimes?)

silver dollars

KatieTimothy
Triple Stumper
    $800 17
cop & coop

David
    $800 2
American Horror Story: Asylum

David
    $800 6
the mosquito

Timothy
    $800 22
Lara Croft

David
    $1200 28
Helix

Timothy
    $1200 13
the buffalo or Indian head nickel

Triple Stumper
    $1200 18
ref, reef

Timothy
    $1200 3
American Idiot

David
    $1200 7
an inchworm

Katie
    $1200 23
Marriage

David
    $1600 27
Civilization

Triple Stumper
    $2,000 14
the Lincoln Memorial

Timothy
    $1600 19
(David: What is diner & dinner?)

super & supper

David
Triple Stumper
    $1600 4
American Beauty

Katie
    $1600 8
(Katie: What is a gullet?)

a gizzard

KatieTimothy
    $1600 24
(Alex: With less than a minute to go, you're right.)

Rutgers

Katie
    $2000 25
Dianetics

David
    $2000 15
reeding (ridges accepted)

David
    $2000 20
rifle & riffle

David
    $2000 11
the "Young Americans"

Timothy
    $1,000 9
a dragonfly

Timothy
    $2000 26
Egypt

Timothy

Scores at the end of the Double Jeopardy! Round:

David Katie Timothy
$12,400 $3,800 $17,600

[wagering suggestions for these scores]

Final Jeopardy! Round responses

3-NAMED PEOPLE
(Alex: [To David] We didn't need all three names, but Ralph Waldo Emerson is wrong.)
...
(Alex: It's a poet. Poets' Corner. [*].)
KatieWho was John Philips Sousa?
$1,500
DavidWho is Emerson?
$2,000
TimothyWho is John Singer Sarg
$8,000
Henry Wadsworth Longfellow

Final scores:

David Katie Timothy
$10,400 $2,300 $9,600
2-day champion: $32,600 3rd place: $1,000 2nd place: $2,000

Game dynamics:

Coryat scores:

David Katie Timothy
$12,400 $3,800 $17,800
20 R,
4 W
7 R,
3 W
23 R
(including 3 DDs),
5 W

Combined Coryat: $34,000

[game clues] [game scores] [suggest correction]

Game tape date: 2013-04-16
The J! Archive is created by fans, for fans. Scraping, republication, monetization, and malicious use prohibited; this site may use cookies and collect identifying information. See terms. The Jeopardy! game show and all elements thereof, including but not limited to copyright and trademark thereto, are the property of Jeopardy Productions, Inc. and are protected under law. This website is not affiliated with, sponsored by, or operated by Jeopardy Productions, Inc. Join the discussion at JBoard.tv.